युद्धबीज / (Record no. 116127)

MARC details
000 -LEADER
fixed length control field 00941nam a22002537a 4500
005 - DATE AND TIME OF LATEST TRANSACTION
control field 20170124103034.0
010 ## - LIBRARY OF CONGRESS CONTROL NUMBER
LC control number A-972983
020 ## - INTERNATIONAL STANDARD BOOK NUMBER
Terms of availability 120.00
International Standard Book Number 8126301996
035 ## - SYSTEM CONTROL NUMBER
System control number A-972983
037 ## - SOURCE OF ACQUISITION
Source of stock number/acquisition Cen Lib/Ret
040 ## - CATALOGING SOURCE
Original cataloging agency DPL
Language of cataloging HN
082 ## - DEWEY DECIMAL CLASSIFICATION NUMBER
Classification number
Item number ऋषिवं
100 ## - MAIN ENTRY--PERSONAL NAME
Personal name ऋषिवंश
9 (RLIN) 500
245 ## - TITLE STATEMENT
Title युद्धबीज /
Statement of responsibility, etc ऋषिवंश
246 ## - VARYING FORM OF TITLE
Title proper/short title Yuddhabeej /
Remainder of title by Rishivansh
260 ## - PUBLICATION, DISTRIBUTION, ETC. (IMPRINT)
Place of publication, distribution, etc नयी दिल्ली
Name of publisher, distributor, etc भारतीय ज्ञानपीठ
Date of publication, distribution, etc 1999
270 ## - ADDRESS
Address 18, इंस्टीट्युशनल एरिया, लोधी रोड
City नयी दिल्ली
Postal code 110003
300 ## - PHYSICAL DESCRIPTION
Extent 183पृ.
Dimensions 21सेमी (सजिल्द)
650 ## - SUBJECT ADDED ENTRY--TOPICAL TERM
Topical term or geographic name as entry element हिन्दी साहित्य
9 (RLIN) 64944
650 ## - SUBJECT ADDED ENTRY--TOPICAL TERM
Topical term or geographic name as entry element उपन्यास
9 (RLIN) 64945
650 ## - SUBJECT ADDED ENTRY--TOPICAL TERM
Topical term or geographic name as entry element Hindi literature
9 (RLIN) 64946
650 ## - SUBJECT ADDED ENTRY--TOPICAL TERM
Topical term or geographic name as entry element Fiction
9 (RLIN) 8901
942 ## - ADDED ENTRY ELEMENTS (KOHA)
Source of classification or shelving scheme Dewey Decimal Classification
Koha item type Hindi Books
Classification part
Call number suffix ऋषिवं
Holdings
Withdrawn status Lost status Damaged status Not for loan Home library Current library Date acquired Source of acquisition Cost, normal purchase price Total Checkouts Full call number Barcode Date last seen Copy number Cost, replacement price Price effective from Koha item type Public note
Written off       Central Library Central Library 22/08/2015 Cen Lib/Ret 120.00   उ ऋषिवं A-972983 22/08/2015 1 120.00 22/08/2015 Hindi Books Written off on approval by DLB (By Circulation); dtd 20.12.2022

© Delhi Public Library
Hit Counter
free hit counter